MDQL
is popping MORE tags! Check the
thread
!
Quizzes
Events
Quiz Creation
Community
Videos
Private Events
Remove Ads
Sign In
Join for FREE
Feedback
Dark Mode
Quiz Categories
Sports
Geography
Music
Movies
Television
Just For Fun
Miscellaneous
History
Literature
Language
Science
Gaming
Entertainment
Religion
Holiday
For Kids
Quiz Lab
Recent
Popular Today
Quiz Kudos Today
Editor Picks
Curator Picks
Quizzes by...
Day
Popularity
Type
Ratings
Length
Year
Community
Subscriptions
Recent Discussions
Orange Saloon
Badges
Playlists
Quests
Create
Leaderboards
Showdown
Live 5
Trivia Bingo
Activity
Puzzle Library
Sporcle Events
Private Events
Virtual Trivia
Globe League
Become a Host
Pub Owners
SporcleCon
Opinionation
Our Games
Videos
Blog
Mobile Apps
Partnerships
Remove Ads and Go Orange
Feedback
Movies
Disney
Marvel Cinematic Universe
Movie Resume
Movie Titles
Oscar
Actor
Actress
Director
Pixar
Role
Movie Quotes
Movie Characters
Box Office
Nominee
Best Picture
Star Wars
James Bond
Horror Movies
Movies
Disney
Marvel Cinematic Universe
Movie Resume
Movie Titles
Oscar
Actor
Actress
Director
Pixar
Role
Movie Quotes
Movie Characters
Box Office
Nominee
Best Picture
Star Wars
James Bond
Horror Movies
Random Quiz
Search Sporcle
×
Quiz Lab
Quiz Lab
Movies
Cast
Type in answers that appear in a list
Type in answers that appear in a list
Classic
Best Score? Go Orange.
Pret a Porter Main Cast and Cameos Stats
Can you name the Pret a Porter Main Cast and Cameos?
By
swallowtail
12m
52 Questions
8 Plays
8 Plays
8 Plays
Comments
Comments
Give Quiz Kudos
Give Quiz Kudos
-
- Ratings
hide this ad
More Info
Replay
Link that replays current quiz
Next Quiz
Link to next quiz in quiz playlist
You Got
0%
They Got
Avg Score
29%
Avg Friend Score
Upgrade to see
Score Distribution
Jump to the score distribution portion of the page
Score
0/52
Timer
12:00
0
Plays Today
Character/Cameo
Cast Member
% Correct
Isabella de la Fontaine
Sophia Loren
75%
Anne Eisenhower
Julia Roberts
62.5%
Joe Flynn
Tim Robbins
62.5%
Herself (Supermodel)
Naomi Campbell
62.5%
Herself (Supermodel)
Claudia Schiffer
62.5%
Kitty Potter
Kim Basinger
50%
Herself (Singer)
Cher
50%
Sergei/
Sergio
Marcello Mastroianni
37.5%
Jack Lowenthal
Rupert Everett
37.5%
Cy Bianco
Forest Whitaker
37.5%
Cort Romney
Richard E. Grant
37.5%
Slim Chrysler
Lauren Bacall
37.5%
Clint Lammeraux
Lyle Lovett
37.5%
Nina Scant
Tracey Ullman
37.5%
Major Hamilton
Danny Aiello
37.5%
Herself (Supermodel)
Helena Christensen
37.5%
Herself (Model/
Actress)
Tatjana Patitz
37.5%
Himself (Designer)
Christian Lacroix
37.5%
Olivier de la Fontaine
Jean-Pierre Cassel
25%
Sophie Choiset
Chiara Mastroianni
25%
Milo O'Brannigan
Stephen Rea
25%
Simone Lowenthal
Anouk Aimee
25%
Pilar
Rossy de Palma
25%
Fiona Ulrich
Lili Taylor
25%
Albertine
Ute Lemper
25%
Sissy Wanamaker
Sally Kellerman
25%
Character/Cameo
Cast Member
% Correct
Regina Krumm
Linda Hunt
25%
Louise Hamilton
Teri Garr
25%
Himself (Luxury Goods Retailer)
Paolo Bulgari
25%
Herself (Fashion Host)
Elsa Klensch
25%
Himself (Designer)
Thierry Mugler
25%
Herself (Model)
Ève Salvail
25%
Himself (Designer)
Nicola Trussardi
25%
Himself (Designer)
Jean-Paul Gaultier
25%
Himself (Designer)
Issey Miyake
25%
Himself (Designer)
Gianfranco Ferré
25%
Herself (Singer)
Björk
25%
Herself (Supermodel)
Carla Bruni
25%
Himself (Magician)
David Copperfield
25%
Herself (Supermodel)
Linda Evangelista
25%
Herself (Supermodel)
Christy Turlington
25%
Kiki Simpson
Tara Leon
12.5%
Dane Simpson
Georgianna Robertson
12.5%
Reggie
Tom Novembre
12.5%
Violetta Romney
Anne Canovas
12.5%
Himself (Actor)
Harry Belafonte
12.5%
Himself (Designer)
Claude Montana
12.5%
Herself (Designer)
Sonia Rykiel
12.5%
Herself (Model)
Susie Bick
12.5%
Herself (Model)
Greta Cavazzoni
12.5%
Herself (Model)
Kristen Fick
12.5%
Herself (Model)
Adriana Karembeu
0%
Quiz Playlist
Details
Report
Send in Message
Add To Playlist
More Info:
Robert Altman's Pret a Porter (1994) has a star-studded cast and impressive set of fashion cameos, but can you name them?
Classic:
Type in answers that appear in a list
Quiz Source
Last Updated: Feb 16, 2017
Quiz Scoreboard
CHALLENGE
Sign Up to Join the Scoreboard
Show All
Scores
Hide
Comments
May contain spoilers
Recently Published
Holiday 10x10 Sorting Gallery
by lukepisani3
Holiday
15m
Two Season TV Shows II
by 123Four
Television
10m
Image Sorting: Flags VI
by Barbecue
Geography
2m
More to Explore
Quiz From the Vault
Featured Blog Post
14 Easter Pick-up Lines to Find Eggs With
hide this ad
You Might Also Like...
Tags
Cast Quiz
cameo
Character
Porter
Today's Top Quizzes in Movies
Browse Movies
hide this ad
Today's Top Quizzes in Cast
Browse Cast
Top Contributed Quizzes in Movies
1
The ultimate James Bond movie quiz
2
Find The 'Big' Movie
3
Find The 'Wild' Movie
4
Find The 'Blue' Movie
5
Movies By Plot
6
Hidden Star Wars Character II
7
25 Best Actor Nominees (1990s)
8
Hidden Star Wars Character III
9
😉 2024 Oscar Nominees by Emoji
10
Hidden Star Wars Character IV
Explore More
Trending Topics
Anime
Disney
Kpop
NBA
Marvel
Crossword
Harry Potter
Pokémon
Soccer
Country
The Office
Puzzle
Song
WWE
NFL
hide this ad
More By:
swallowtail
Quiz
Plays
Rating
Category
Featured
Created
Jeremy Irons Movies
238
Movies
Feb 1, 2010
Solo Albums by Rolling Stones
28
Music
Feb 2, 2010
Pret a Porter Main Cast and Cameos
8
Movies
Apr 20, 2010
Go to Creator's Profile
Score Distribution
Quiz Creator Spotlight
swallowtail
Follow
Send a Message
Quizzes Created
-
Created Quiz Play Count
-
More By This Creator
Popular Quizzes Today
1
Find the US States - No Outlines Minefield
2
Colored Red Africa Blitz
3
Find the 'City' Movie
4
The Countries of the World
5
5x2 Blitz: Bands
6
Find the US States
7
Find the Countries of Europe - No Outlines Minefield
8
US States
More Movies Quizzes
Movie Spoilers
Published
Trending Quizzes
Colored Red Europe Blitz I
Colored Red Europe Blitz II
Colored Red Africa Blitz II
Colored Red Europe Blitz III
Colored Red Africa Blitz III
Recently Updated
Odd Team Out - Big 4 Players
pecheneg
Quick Pick: 20 Twenties
pecheneg
March Madness Men's Triple Doubles
pecheneg
How Do You Spell That?
pecheneg
Godzilla Movies
pecheneg
Grab Bag: 4-10 Letters
pecheneg
2024 March Madness Bracket
pecheneg
Famous TV Couples
Peacemaker
Champions League XIs: Real Madrid
pecheneg
Largest US Cities 1790-2010
pecheneg
Trending Topics
Anime
NBA
Crossword
Kpop
Harry Potter
Disney
Marvel
The Office
WWE
Country
NFL
Song
Puzzle
Pokémon
Soccer
Your Account Isn't Verified!
In order to create a playlist on Sporcle, you need to verify the email address you used during registration. Go to your
Sporcle Settings
to finish the process.
Report this User
Report this user for behavior that violates our
Community Guidelines
.
Details:
Send Report
Go to the Sporcle.com Mobile Site →
Comments